What's The Difference? - Statistics

General Stats
  • This quiz has been taken 162 times
    102 since last reset
  • The average score is 10 of 15
Answer Stats
What's The Difference Between Answer % Correct
An Ocean and A ___ Sea
98%
An Alligator and A _________ Crocodile
96%
A College and A __________ University
93%
An Alpaca and A _____ Llama
92%
A Raven and A ____ Crow
83%
A Hotel and A _____ Motel
83%
A Rabbit and A _____ Bunny
78%
An Apple and A _______ Pear
64%
A Sheep and A ____ Lamb
61%
A Republic and A _________ Democracy
53%
A Job and A ______ Career
46%
A Violin and A ______ Fiddle
42%
A Wolf and A ______ Coyote
38%
A Malt and A _____ Shake
22%
A Quilt and A _________ Comforter
20%
No matching quizzes found
Score Distribution
Percent of People with Each Score
Percentile by Number Answered
Your Score History
You have not taken this quiz since the last reset